| 000 | 00466nam a2200145Ia 4500 | ||
|---|---|---|---|
| 008 | 170221s9999 xx 000 0 und d | ||
| 100 | _aFalih M. Alsaaty | ||
| 245 | 4 | _aThe cycle of births and deaths of U.S. employer micro firms | |
| 245 | _cFalih M. Alsaaty, Bowie State University. | ||
| 260 | _bJournal of Management and Marketing Research | ||
| 260 | _c2012 | ||
| 300 | _a1 : 1 | ||
| 650 | _xBusiness | ||
| 856 | _uhttp://www.aabri.com/manuscripts/121126.pdf | ||
| 999 |
_c311674 _d311674 |
||